000 00371 a2200109 4500
001 ART_7951
005 20260410161832.0
008 260409a
245 1 0 _aActualidad financiera y cambiaria. Un caso de prefinanciación de exportaciones
100 1 _aSun, Ramón F.
773 0 _tContabilidad y administración
_g- Año 2, Nº 15 (sep. 1978)
_wREV5485
999 _c23324
_d23324